| 000 | 00620nam a2200181 i 4500 | ||
|---|---|---|---|
| 001 | 81308 | ||
| 003 | ES-MaACL | ||
| 005 | 20250814063221.0 | ||
| 007 | t| | ||
| 008 | 041104s1931 sp ||||1| spa d | ||
| 100 | 1 |
_aHuerta, Luis, _d1889-1975 _9148613 |
|
| 245 | 1 | 0 |
_aAnálisis gramatical _b: ideas fundamentales acerca del lenguaje : teoría del análisis gramatical : práctica del análisis / _cLuis Huerta Naves. |
| 260 |
_aMadrid : _b[s.n., _c1931] ( _fTorrent) |
||
| 300 |
_a382 p. ; _c19 cm. |
||
| 650 | 4 |
_aLengua española- _xSintaxis. _9138713 |
|
| 852 |
_aES-MaACL _jF-14545 |
||
| 999 |
_c81308 _d81308 |
||